East Pakistan, on road to properity. (Record no. 64236)

MARC details
000 -LEADER
fixed length control field 00609cam a22002171 4500
001 - CONTROL NUMBER
control field sa 65005313
003 - CONTROL NUMBER IDENTIFIER
control field DLC
005 - DATE AND TIME OF LATEST TRANSACTION
control field 20260227112137.0
008 - FIXED-LENGTH DATA ELEMENTS--GENERAL INFORMATION
fixed length control field 860912s1964 bg ac f000 0 eng
010 ## - LIBRARY OF CONGRESS CONTROL NUMBER
LC control number sa 65005313
025 ## - OVERSEAS ACQUISITION NUMBER
Overseas acquisition number PL480:EP-E-278
035 ## - SYSTEM CONTROL NUMBER
System control number (OCoLC)14210817
040 ## - CATALOGING SOURCE
Original cataloging agency DLC
Transcribing agency WaU
Modifying agency WaU
-- DLC
043 ## - GEOGRAPHIC AREA CODE
Geographic area code a-bg---
050 00 - LIBRARY OF CONGRESS CALL NUMBER
Classification number HC440.5.Z7
Item number E23
110 1# - MAIN ENTRY--CORPORATE NAME
Corporate name or jurisdiction name as entry element East Pakistan (Pakistan).
Subordinate unit Information Department.
245 10 - TITLE STATEMENT
Title East Pakistan, on road to properity.
260 ## - PUBLICATION, DISTRIBUTION, ETC.
Place of publication, distribution, etc. [Dacca?]
Date of publication, distribution, etc. 1964.
300 ## - PHYSICAL DESCRIPTION
Extent 107 p.
Other physical details illus., ports.
Dimensions 25 cm.
651 #0 - SUBJECT ADDED ENTRY--GEOGRAPHIC NAME
Geographic name Bangladesh
General subdivision Economic conditions.

No items available.

Powered by Koha